Alfred Kubin : rytmus a konstrukce = Rhytmus und Konstruktion /

Hlavní autor: Urban, Otto M., 1967-
Další autoři: Wittlich, Petr, 1932-, Habereder, Ingeborg, Kubin, Alfred, 1877-1959
Jazyk: Němčina
Čeština
Vydáno: Český Krumlov : Praha : Egon Schiele Art Centrum ;Arbor vitae, 2003
Vydání: 1. vyd.
Témata:
Externí odkaz: Digitalizovaný dokument
Fyzický popis: 333 s. : il. ; 27 cm
Knihy
Uloženo v:
LEADER 02468nam a2200601 a 4500
001 000745545
003 Cz BrMZK
005 20060530144412.0
007 ta
008 041022s2003 xr a erc 000 0dczeoc
015 |a cnb001286383 
020 |a 80-86789-00-4  |q (Egon Schiele Art Centrum; brož.) 
020 |a 80-86300-34-X  |q (Arbor vitae; brož.) :  |c Kč 550,00 
035 |a (OCoLC)56867828 
040 |a ABA001  |b cze  |d BOA 
041 1 |a cze  |a ger 
043 |a e-au--- 
045 |a w7x5 
072 7 |a 74  |x Kresba. Umělecká řemesla  |2 Konspekt  |9 21 
080 |a 929  |2 MRF 
080 |a 7.036.45  |2 MRF 
080 |a 82-312.9  |2 MRF 
080 |a 72/76.071.1  |2 MRF 
080 |a 821.112.2(436)-051  |2 MRF 
080 |a 741/744(436)  |2 MRF 
080 |a (436)  |2 MRF 
080 |a (083.824)  |2 MRF 
080 |a (0:82-9)  |2 MRF 
100 1 |a Urban, Otto M.,  |d 1967-  |7 jn20010601385  |4 aut 
245 1 0 |a Alfred Kubin :  |b rytmus a konstrukce = Rhytmus und Konstruktion /  |c Otto M. Urban, Petr Wittlich, Ingeborg Habereder 
250 |a 1. vyd. 
260 |a Český Krumlov :  |b Egon Schiele Art Centrum ;  |a Praha :  |b Arbor vitae,  |c 2003 
300 |a 333 s. :  |b il. ;  |c 27 cm 
500 |a Vydáno při příležitosti stejnojmenné výstavy 
500 |a Souběžný český a německý text a popisky 
500 |a Životopisná data, přehled výstav a zastoupení ve sbírkách 
504 |a Obsahuje bibliografii 
500 |a Dostupné též v digitální podobě v aplikaci Kramerius 
600 1 7 |a Kubin, Alfred,  |d 1877-1959  |7 jn19990004709  |2 czenas 
650 0 7 |a symbolismus (umění)  |7 ph126349  |z Rakousko  |2 czenas 
650 0 7 |a fantastická literatura  |7 ph114522  |z Rakousko  |y 19.-20. stol.  |2 czenas 
650 0 7 |a výtvarní umělci  |7 ph116709  |z Rakousko  |y 19.-20. stol.  |2 czenas 
650 0 7 |a rakouští spisovatelé  |7 ph125026  |y 19.-20. stol.  |2 czenas 
650 0 7 |a rakouská kresba  |7 ph125010  |y 19.-20. stol.  |2 czenas 
655 7 |a katalogy výstav  |7 fd132536  |2 czenas 
655 7 |a texty  |7 fd133699  |2 czenas 
700 1 |a Wittlich, Petr,  |d 1932-  |7 jk01151737  |4 aut 
700 1 |a Habereder, Ingeborg  |7 mzk2004252273  |4 aut 
700 1 |a Kubin, Alfred,  |d 1877-1959  |7 jn19990004709  |4 art 
856 4 1 |u http://www.digitalniknihovna.cz/mzk/uuid/uuid:9f153230-025d-11e7-8830-005056827e51  |y Digitalizovaný dokument  |x NDK 
910 |a BOA001  |b 2-1141.415 
990 |a BK 
996 6 |b 2610230685  |c 2-1141.415  |l MZK  |r Sklad / do 1 hodiny  |n 5  |p p.v.  |w 000745545  |u 000010  |a 1  |e BOA001  |j MZK50  |s P